000 02181nam a2200409 c 4500
003 BLK
005 20180422110029.0
008 180409b bul|||||r ||||||| ||bul||
010 _aKNG00116780000
020 _a954-90833-5-7
_bиздат.: Глория Палас
040 _aBLK
041 _aBUL
_cBUL
080 _aРегионална география
_b913
_x(035)
_z913(035)
080 _aСоциография. Социално положение. Условия на политическия и социалния живот. Социално и социално-икономическо положение на отделните страни, народи, раси. Социална география. (Общи въпроси)
_b308
_x(100)(035)
_z308(100)(035)
100 1 _aЛуканов, Ангел Георгиев
_eпърви автор
_9373684
700 1 _aБожинов, Николай Александров
_eсъавт.
_9371806
700 1 _aДимитров, Стефан Михайлов
_eсъавт.
_9261053
139 _aЛуканов, Ангел Георгиев и др.
_bЛ 86
245 1 0 _aСтраните в света 2004
_bСправочник
_cАнгел Георгиев Луканов; съавт. Николай Александров Божинов; съавт. Стефан Михайлов Димитров.
250 _a4. прераб. и доп. изд.
257 _aBGR
260 София
_bГлория Палас
_c2004
_fСофия : Образование и наука
300 _a520 с.
_bс цв. к., ил.
_c24 см
380 _a91
500 _aОфс. изд. - Азб. указател.
650 4 _aГеография - енциклопедии, речници и справочници
_9247483
650 4 _aСтраните в света - справочници и енциклопедии
_9172506
653 _aсоциография
653 _aстранознание
653 _aгеография
653 _aсправочници
852 _aЦб 222113
856 4 _qpdf
_u
856 4 _qpdf
_u
942 _cKNG
_n0
944 _aCR
_c03.01.2005
_kНаталия_Медовщикова
944 _aED
_c05.02.2009
_k
999 _c111435
_d111435